000 01180nam0a22002771 4500
001 rc\214850
005 20250620234522.0
010 _a5-02-004502-0
_91000
035 _a(NLR Aleph) 005463779
090 _a4980631
_c4980631
100 _a20030307d1996 |||y0rusy50 ca
101 0 _arus
102 _aRU
105 _ay |||||||||
200 1 _aЭволюция взглядов В.И. Вернадского на биосферу и развитие учения о ноосфере
_fОтв. ред. Э.Н. Мирзоян
_gРос. акад. наук. Комис. по разраб. науч. наследия В.И. Вернадского, Ин-т геохимии и аналит. химии им. В.И. Вернадского
210 _aМ.
_cНаука
_d1996
215 _a220, [2] с.
_d21
300 _aРез.: англ.
600 1 _aВернадский
_bВ.И.
_gВладимир Иванович
_2psbo
700 1 _7ca
_8rus
_aЯншина
_bФ. Т.
_f1933-2011
_gФидан Тауфиковна
_9185157
_3RU\NLR\AUTH\770185208
801 0 _aRU
_bNLR
_gpsbo
801 1 _aRU
_bELAR
_2rusmarc
852 _aNLR
_j97-3/17
942 _cBOOK
980 _aNB